000 00656nam a2200277Ia 4500
005 20260324122455.0
008 008 260324s9999 xx 000 0 eng d
020 _a9781315654690
037 _aEBOOK
040 _aCRL
040 _beng
040 _cCRL
041 _2eng
041 _aeng
084 _qCRL
100 _aKate Macdonald; Nathan Waddell
_91166584
245 0 _aJohn Buchan and the Idea of Modernity
260 _bTaylor and Francis
260 _c2013
365 _a
365 _b240
856 _uhttp://www.taylorfrancis.com/books/9781315654690
942 _cEBOOK
999 _c1759359
_d1759359